A year of shrinking fees and staff numbers (Record no. 81813)

MARC details
000 -LEADER
fixed length control field 01093cab a22002055a 4500
001 - CONTROL NUMBER
control field L148385
008 - FIXED-LENGTH DATA ELEMENTS--GENERAL INFORMATION
fixed length control field 090914e20090905xxkdo f 000 0 eng d
035 ## - SYSTEM CONTROL NUMBER
System control number (Sirsi) u148385
041 0# - LANGUAGE CODE
Language code of text/sound track or separate title eng
100 1# - MAIN ENTRY--PERSONAL NAME
Personal name Cahill, Julia
245 02 - TITLE STATEMENT
Title A year of shrinking fees and staff numbers
Remainder of title top agents 2009
260 ## - PUBLICATION, DISTRIBUTION, ETC.
-- 2009
490 #0 - SERIES STATEMENT
Series statement Estates Gazette
Volume/sequential designation (0935) 5 September 2009, 50-61(12)
520 ## - SUMMARY, ETC.
Summary, etc. Savills is again the leading agent by UK turnover according to the 2009 Estates Gazette survey but the top firms have collectively posted a turnover drop of £500m in the year. Tables include a ranking by UK turnover per fee-earner, top agents by European and global turnover. Residential and combined revenues are compared at the top 10 firms and the drastic reduction in graduate recruitment programmes is highlighted. The impact of the recession on the top 10 agents is evaluated and heads of major firms predict what lies ahead. Tables. Charts. Graphs.
590 ## - LOCAL NOTE (RLIN)
Local note KA NTK
651 #4 - SUBJECT ADDED ENTRY--GEOGRAPHIC NAME
Geographic name United Kingdom
Chronological subdivision
690 ## - LOCAL SUBJECT ADDED ENTRY--TOPICAL TERM (OCLC, RLIN)
Topical term or geographic name as entry element PROPERTY-PROPERTY AGENCY
700 1# - ADDED ENTRY--PERSONAL NAME
Personal name Barnard, Lucy
942 ## - ADDED ENTRY ELEMENTS (KOHA)
Suppress in OPAC 0
Holdings
Withdrawn status Lost status Source of classification or shelving scheme Damaged status Not for loan Home library Current library Shelving location Date acquired Total Checkouts Full call number Barcode Date last seen Copy number Price effective from Koha item type
    Dewey Decimal Classification     London London Journal article 14/09/2009   L148385 L148385 06/08/2019 1 06/08/2019 Journal article